A critical look at religion
Պահպանված է:
| Հիմնական հեղինակ: | |
|---|---|
| Ձևաչափ: | Գիրք |
| Լեզու: | անգլերեն |
| Հրապարակվել է: |
Regency Press
1974
|
| Ցուցիչներ: |
Ավելացրեք ցուցիչ
Չկան պիտակներ, Եղեք առաջինը, ով նշում է այս գրառումը!
|
MARC
| LEADER | 00000nam a22000007a 4500 | ||
|---|---|---|---|
| 008 | 210707b ||||| |||| 00| 0 eng d | ||
| 100 | |a WINKWORTH, D. E. | ||
| 245 | |a A critical look at religion |c D.E. Winkworth |g 58p. | ||
| 260 | |b Regency Press |c 1974 |h London |i 695023 |l R 125. W72 |m Christianity |m Religion |m Revelation |m Reincarnation | ||
| 942 | |a lcc |c BK |e ADEYEYE Y. S. |f 07/07/2021 | ||
| 952 | |0 0 |1 0 |2 lcc |4 0 |6 BR0125 W72 |7 0 |9 2727 |a HOL |b HOL |c AF |d 2021-07-07 |l 0 |o BR 125 .W72 |p 2021-6572 |r 2021-07-07 00:00:00 |w 2021-07-07 |y BK | ||
| 999 | |c 1422 |d 1422 | ||